00629 2200229 4500001002100000005001700021008004100038020002200079035002400101090002400125100002100149245005800170250001800228260003300246300002500279500002700304650002100331850001200352980001300364985000600377999001600383YOGYA-0209000006889220090227093144.0 ind  a978-979-756-345-5 0010-020900000068892 a519.536bSuh AlDEP aSUHARJO, Bambang aAnalisis regresi terapan dengan SPSScBambang Suharjo aEd. 1, cet. 1 aYogyakartabGraha Ilmuc2008 a199 hlmbilusc23 cm aBibliografi : hlm. 199 aAnalisis Regresi aYOPDYOG a15-05-08 a1 a080114CBD11